|
|
|
|
| LEADER |
00000nab a2200000 a 4500 |
| 001 |
vtls000328310 |
| 003 |
SK-MaSNL |
| 005 |
20260304181607.0 |
| 008 |
111202c1987 xo 0 slo |
| 015 |
|
|
|a SNBRA19rr/mm-uuuuu
|
| 035 |
|
|
|a CL0328432
|
| 040 |
|
|
|a SNKBUCL
|b slo
|c SNKBUCL
|e AACR2
|
| 041 |
0 |
|
|a slo
|
| 044 |
|
|
|a xo
|c SK
|
| 080 |
|
|
|a 65.012.4:681.3
|2 1981
|
| 080 |
|
|
|a 681.3
|2 1981
|
| 080 |
|
|
|a 338.2(437)
|2 1981
|
| 100 |
1 |
|
|a Čarnický, Štefan,
|d 1945-
|4 aut
|9 211057
|
| 245 |
1 |
0 |
|a Postavenie a zdroje efektov ASR pri prestavbe hospodárskeho mechanizmu
|c Štefan Čarnický, Juraj Neufeld
|
| 650 |
0 |
7 |
|a mechanizmus hospodársky
|2 snkbucl
|9 385380
|
| 650 |
0 |
7 |
|a automatizované systémy riadenia
|2 snkbucl
|9 28612
|
| 655 |
|
7 |
|a články zo zborníkov
|2 snkbucl
|9 166140
|
| 700 |
1 |
|
|a Neufeld, Juraj
|4 aut
|9 9520
|
| 773 |
0 |
|
|t Aktuálne problémy prestavby hospodárskeho mechanizmu
|d Košice : pobočka ČSVTS, 1987
|
| 850 |
|
|
|a Slovenská národná knižnica v Martine
|a MTA001
|
| 852 |
|
|
|a SNK
|b KIS3GCP
|
| 958 |
|
|
|a RK
|
| 992 |
|
|
|a RZB
|
| 999 |
|
|
|c 3024849
|d 3026779
|